| 000 | 00838nam a2200325Ia 4500 | ||
|---|---|---|---|
| 001 | 2377 | ||
| 003 | IT-RoPAU | ||
| 008 | 130308s9999 xx 000 0 und d | ||
| 040 | _aIT-RoPAU | ||
| 040 | _cIT-RoPAU | ||
| 041 | _aITALIANO | ||
| 100 | _aAA.VV. | ||
| 100 | _gCodice Aut. SPICS: 12000 | ||
| 245 | _aCinema e giustizia | ||
| 245 | _bCinema e Giustizia | ||
| 250 | _a1a ed. | ||
| 260 | _aFIRENZE | ||
| 260 | _bSansoni | ||
| 260 | _c1961 [1° Ed.:1961 - Ed.Ling.Originale:1961] | ||
| 300 | _a"228 p. (prefazione: 6; testo: 222)" | ||
| 500 | _aRelazioni del Convegno di Venezia Sul Cinema 7 10.9.1960 | ||
| 650 | _aSAGGI SUL CINEMA | ||
| 650 | _eCodice materia Spics: 6811 | ||
| 700 | _aGadda Conti Piero | ||
| 700 | _gCodice Aut. SPICS: 6355 | ||
| 942 | _cBK | ||
| 957 | _71 | ||
| 999 |
_c72420 _d72420 |
||
| 999 | _bSI | ||
| 999 | _g1 | ||